Camila vai ao médico (Registo nº 4237)
[ vista simples ]
| 000 -Etiqueta do registo | |
|---|---|
| Cabeçalho | 00837nam0a2200277 4500 |
| 005 - Identificador da versão | |
| Campo de controlo | 20240813122056.0 |
| 010 ## - Número internacional normalizado dos livros (ISBN) | |
| Número (ISBN) | 9724127915 |
| 021 ## - Número do Depósito Legal | |
| Código do país | PT |
| Número | 189259/02 |
| 100 ## - Dados gerais de processamento | |
| Dados gerais de processamento | 20170209d2003 c y0pory5003 ba |
| 102 ## - Pais de publicação ou produção | |
| País de publicação | Portugal |
| 101 1# - Língua de publicação | |
| Língua do texto, banda sonora, etc. | Português |
| Língua do documento no original | Francês |
| 215 ## - Descrição física | |
| Indicação específica da natureza do documento e extensão da espécie | [19] p. |
| Outras indicações físicas | muito il. color |
| 200 1# - Titulo e menção de responsabilidade | |
| Título próprio | Camila vai ao médico |
| Primeira menção de responsabilidade | Aline de Pétigny |
| Outras menções de responsabilidade | il. Nancy Delvaux |
| -- | trad. e adapt. de José António Almeida Alves |
| 225 1# - Colecção | |
| Título próprio da colecção | Camila |
| 205 ## - Menção da edição | |
| Menção da edição | 2ª ed |
| 210 ## - Publicação, Distribuição, etc. | |
| Lugar da edição, distribuição, etc. | Porto |
| Nome do editor, distribuidor, etc. | Asa |
| Data da publicação, distribuição, etc. | 2003 |
| 606 ## - Nome comum usado como assunto | |
| Número de registo de entrada de autoridade | 0001419 |
| Palavra de ordem | Literatura francesa |
| Subdivisão de assunto | Conto |
| Código do sistema | CA |
| 675 ## - Classificação Decimal Universal (CDU) | |
| Notação | 821.133.1--34 |
| Edição | 3ª ed. |
| Língua da edição | por |
| 702 #1 - Nome de autor-pessoa física (responsabilidade secundária) | |
| Número de registo de entrada de autoridade | 0000907 |
| Palavra de ordem | Delvaux |
| Outra parte do nome não tomada para palavra de ordem | Nancy |
| Código de função | Ilustrador / Técnico de desenho computorizado |
| Número de registo de entrada de autoridade | 0000908 |
| Palavra de ordem | Alves |
| Outra parte do nome não tomada para palavra de ordem | José António Almeida |
| Código de função | Adaptador |
| -- | Tradutor |
| 700 #1 - Nome de autor-pessoa física (responsabilidade principal) | |
| Número de registo de entrada de autoridade | 0000906 |
| Palavra de ordem | Pétigny |
| Outra parte do nome não tomada para palavra de ordem | Aline de |
| 966 ## - Identificação da Biblioteca | |
| Sigla | EBVEN |
| 942 ## - Elementos de entrada adicionados (Koha) | |
| Tipo de item no Koha | Livro |
| Situação do levantamento | Origin of item (home branch) (coded) | Biblioteca de empréstimo | Código de barras | Cota | Circulation type (not for loan) | Tipo de documento | Nota do exemplar | Damaged status |
|---|---|---|---|---|---|---|---|---|
| Biblioteca Escolar das Vendas | Biblioteca Escolar das Vendas | BEV2462 | 8EST PET | Livro | Sem mensagem |
